Patrología : la edad de oro de la literatura patrística griega /
En este segundo volumen de la Obra Patrología de Johannes Quasten se describe la obra y vida de los principales escritores cristianos orientales de Alenjandría y Egipto y los fundadores del monaquismo egipcio; Los escritores de Asia Menor y los Escritores de Antioquía y Siria.
Guardat en:
| Autor principal: | |
|---|---|
| Altres autors: | |
| Format: | Llibre |
| Idioma: | espanyol |
| Col·lecció: | (Biblioteca de Autores Cristianos ; Santos Padres)
217. |
| Matèries: | |
| Etiquetes: |
Sense etiquetes, Sigues el primer a etiquetar aquest registre!
|
MARC
| LEADER | 00000nam^a2200000^a^4500 | ||
|---|---|---|---|
| 001 | 000364465 | ||
| 005 | 20250521000000.0 | ||
| 009 | 20260310115617.207 | ||
| 037 | |a Acervo Xavier Clavigero | ||
| 041 | |a ESP | ||
| 082 | |a 200. |b BAC V. 207 | ||
| 100 | |a Quasten, Johannes |e (autor) | ||
| 240 | 1 | 1 | |a [Patrología] |
| 245 | 1 | 0 | |a Patrología : |b la edad de oro de la literatura patrística griega / |c J. Quasten ; tr. por I. Oñatibia. |
| 264 | |a Madrid, España : |b Editorial Católica, |c 1962 | ||
| 300 | |a VI, 627 p. | ||
| 336 | |a texto |b txt |2 rdacontenido | ||
| 337 | |a sin mediación |b n |2 rdamedio | ||
| 338 | |a volumen |b nc |2 rdasoporte | ||
| 440 | 1 | |a (Biblioteca de Autores Cristianos ; |v 217. |p Santos Padres) | |
| 500 | |a Traducción de: Patrology V. II (1960) | ||
| 520 | |a En este segundo volumen de la Obra Patrología de Johannes Quasten se describe la obra y vida de los principales escritores cristianos orientales de Alenjandría y Egipto y los fundadores del monaquismo egipcio; Los escritores de Asia Menor y los Escritores de Antioquía y Siria. | ||
| 561 | |a Ex libris de Bibl. Magnopontanae Domus Scti. Ioseph. Prov. Mex. Sept. S.I. | ||
| 561 | |a Ex libris de Bibliotheca Collegii Maximi Prov. Mexicanae, S.J. | ||
| 649 | |a XX | ||
| 650 | |a Padres de la Iglesia - |x Tema Principal | ||
| 650 | |a Padres de la Iglesia | ||
| 650 | |a Patrística | ||
| 650 | |a Neoplatónicos | ||
| 650 | |a Filosofía Medieval | ||
| 650 | |a Iglesia - |x Historia - |y Primeros Tiempos | ||
| 650 | |a Iglesia - |x Historia - |y Edad Media | ||
| 650 | |a Iglesias Católicas Orientales - |x Historia | ||
| 650 | |a Iglesias Ortodoxas - |x Historia | ||
| 650 | |a Iglesia - |x Historia - |y Primeros Tiempos | ||
| 650 | |a Iglesia - |x Historia - |y Edad Media | ||
| 650 | |a Cristianismo | ||
| 650 | |a Religión | ||
| 650 | |a Literatura Cristiana Primitiva - |x Historia y Crítica | ||
| 650 | |a Literatura Religiosa - |x Historia y Crítica | ||
| 650 | |a Literatura Latina Medieval - |x Historia y Crítica | ||
| 650 | |a Literatura Medieval - |x Historia y Crítica | ||
| 700 | |a Oñatibia, Ignacio |e (traducción) | ||
| 910 | |a Fondo General | ||
| 920 | |a Impresos - Libros | ||
| 930 | |a Colección General | ||
| 905 | |a 101 | ||
| 901 | |a 046154 |b IT1 |c ACC |u 20250521 | ||
| 901 | |a 068628 |b IT1 |c ACC |u 20250521 | ||
| 902 | |a https://opac.biblio.iteso.mx/vufind/Record/000364465 | ||